000 00458nam a22001697a 4500
005 20251108170923.0
008 250721s1981 xx 000 0 ara d
082 1 4 _aط/790.23/صوف
245 1 0 _aالصوف والخيوط /
264 1 _aبيروت :
_bمؤسسة نوفل،
_c1981.
300 _a24ص
490 0 _aالعالم بين يديك : هوايات
650 1 7 _aالصوف
650 1 7 _aالخيوط
942 _2ddc
_cBK
999 _c52150
_d52150